| 000 | 00892nam a2200253 a 4500 | ||
|---|---|---|---|
| 001 | 000041572 | ||
| 005 | 20201002035639.0 | ||
| 008 | 130902s1984 sp ac 000 0bspa d | ||
| 020 | _a8434581590 | ||
| 040 |
_aDO-SdBNP _bspa _cBNPHU |
||
| 082 |
_a813 _bD548P |
||
| 100 | 1 |
_aPriestley, J. B. _968324 |
|
| 240 | 1 | 0 |
_aCharles Dickems and his wold _lspa |
| 245 | 1 | 0 |
_aDickens / _cJ. B. Priestley; prólogo, Juan Luis Cebrian; traducción, Camila Batles. |
| 260 |
_aBarcelona : _bSalvat, _c1984. |
||
| 300 |
_a173 p. : _bil., retrs. ; _c20 cm. |
||
| 490 | 1 |
_aBiblioteca Salvat de grandes biografías _v14 |
|
| 504 | _aBibliografía p: 173 | ||
| 600 | 1 | 4 |
_aDICKENS, CHARLES _d1812-1870 _91442 |
| 700 | 1 | 2 |
_aCebrian, Juan Luis _eprol. _968325 |
| 700 | 1 | 2 |
_aBatles, Camila _etrad. _968326 |
| 830 | 0 |
_aBiblioteca Salvat de grandes biografías _n14 _968327 |
|
| 910 | _aValidado. Control de calidad MFF | ||
| 999 |
_c41062 _d41062 |
||